| 000 | 00000cam 2200000zi 4500 |
| 001 | 9.954231 |
| 003 | CaOODSP |
| 005 | 20260602104844 |
| 006 | m o d f |
| 007 | cr cn |||||||| |
| 008 | 250819t20252025onc o f000 0 fre d |
| 020 | |a9780660785332 |
| 040 | |aCaOODSP|bfre|erda|cCaOODSP |
| 043 | |an-cn--- |
| 086 | 1 |aT94-95/2025F-PDF |
| 245 | 00|aMaisons Canada : |bguide de sondage du marché. |
| 264 | 1|aOttawa (Ontario) : |bLogement, infrastructures et collectivités Canada = Housing, Infrastructure and Communities Canada, |c2025. |
| 264 | 4|c©2025 |
| 300 | |a1 ressource en ligne (8 pages) |
| 336 | |atexte|btxt|2rdacontent/fre |
| 337 | |ainformatique|bc|2rdamedia/fre |
| 338 | |aressource en ligne|bcr|2rdacarrier/fre |
| 500 | |aPublié aussi en anglais sous le titre : Build Canada Homes : market sounding guide. |
| 520 | |a« Maisons Canada sera la nouvelle entité fédérale chargée de bâtir des logements abordables, d’offrir du financement aux constructeurs d’habitations abordables et de catalyser une industrie de la construction domiciliaire plus productive. Elle réunira des partenaires clés de l’écosystème du logement afin de bâtir des logements en supprimant les obstacles, en réduisant les risques et en facilitant le processus de construction de logements hors marché. Ce guide de sondage du marché présente une vision initiale pour Maisons Canada, y compris ses objectifs, ses fonctions, ses instruments, son approche en matière d’investissement et sa mise en Ĺ“uvre »--Introduction, page 3. |
| 650 | 6|aLogement|xPolitique gouvernementale|zCanada. |
| 710 | 1 |aCanada. |bLogement, infrastructures et collectivités Canada, |eorganisme de publication. |
| 775 | 08|tBuild Canada Homes : |w(CaOODSP)9.954230 |
| 856 | 40|qPDF|s430 Ko|uhttps://publications.gc.ca/collections/collection_2026/licc-hicc/T94-95-2025-fra.pdf |
| 856 | 4 |qHTML|sS.O.|uhttps://logement-infrastructure.canada.ca/bch-mc/market-sounding-guide-sondage-marche-fra.html |